Imisné drevo, jeho vlastnosti a použitie : odborná výberová anotovaná bibliografia /
Uložené v:
| Ďalší autori: | |
|---|---|
| Médium: | Kniha |
| Jazyk: | Slovak |
| Vydané: |
Zvolen :
Ústredná lesnícka a drevárska knižnica SR pri VŠLD,
1991
|
| Vydanie: | 1. vyd. |
| ISBN: |
(brož.) |
| Fyzický popis: |
56 s. |
| Tagy: |
Pridať tag
Žiadne tagy, Buďte prvý kto otaguje tento záznam!
|
Titul je dostupný aj v ... 

MARC
| LEADER | 00000nam a2200000 a 4500 | ||
|---|---|---|---|
| 001 | 000240708 | ||
| 005 | 20060510101401.0 | ||
| 008 | 060510s1991 xo e 000 0 sloo | ||
| 020 | |a (brož.) | ||
| 040 | |a SVKKK |b slo |c SVKKK |e AACR2 | ||
| 041 | 0 | |a slo | |
| 044 | |a xo |c SK | ||
| 245 | 0 | 0 | |a Imisné drevo, jeho vlastnosti a použitie : |b odborná výberová anotovaná bibliografia / |c zost.: Jana Miškovská |
| 250 | |a 1. vyd. | ||
| 260 | |a Zvolen : |b Ústredná lesnícka a drevárska knižnica SR pri VŠLD, |c 1991 | ||
| 300 | |a 56 s. | ||
| 700 | 1 | |a Miškovská, Jana |4 com | |
| 998 | |a BK | ||
| 090 | |g SCKHL |k Sklad Pribinova 2. posch. |a II.344132 |j 835245 |i 2720209321 |s Absenčne | ||